header

Corpus linguistics at work (Record no. 130313)

MARC details
000 -LEADER
fixed length control field 01422nam a2200373 a 4500
082 04 - DEWEY DECIMAL CLASSIFICATION NUMBER
Classification number 410/.1
100 1# - MAIN ENTRY--AUTHOR NAME
Personal name Tognini-Bonelli, Elena.
245 10 - TITLE STATEMENT
Title Corpus linguistics at work
260 ## - PUBLICATION, DISTRIBUTION, ETC. (IMPRINT)
Place of publication Amsterdam ;
-- Philadelphia [Pa.] :
Name of publisher J. Benjamins,
Year of publication c2001.
300 ## - PHYSICAL DESCRIPTION
Number of Pages ix, 223 p.
490 1# - SERIES STATEMENT
Series statement Studies in corpus linguistics,
650 #0 - SUBJECT ADDED ENTRY--TOPICAL TERM
Topical Term Corpora (Linguistics)
Topical Term Computational linguistics.
Topical Term Applied linguistics.
856 40 - ELECTRONIC LOCATION AND ACCESS
Uniform Resource Identifier http://site.ebrary.com/lib/rucke/Doc?id=10463014

No items available.

© 2026 Rongo University
Contact us: librarian | system librarian | Rongo university